[Event "SWE-chT 1516 Superettan"]
[Site "Sweden"]
[Date "2016.02.27"]
[Round "6"]
[White "Lindberg, Bengt"]
[Black "Nilsson, Andre"]
[Result "0-1"]
[WhiteElo "2383"]
[BlackElo "2233"]
[PlyCount "130"]
[EventDate "2015.11.06"]
[EventType "team-tourn"]
[EventRounds "9"]
[EventCountry "SWE"]
[SourceTitle "EXT 2018"]
[Source "ChessBase"]
[SourceDate "2017.10.13"]
[SourceVersion "1"]
[SourceVersionDate "2017.10.13"]
[SourceQuality "1"]
[WhiteTeam "Solna"]
[BlackTeam "Vasteras II"]
[WhiteTeamCountry "SWE"]
[BlackTeamCountry "SWE"]

1. e4 g6 2. d4 Bg7 3. Nc3 d6 4. Be3 c6 5. a4 Nf6 6. Nf3 0-0 7. h3 Nbd7 8. Be2 Qc7 9. 0-0 b6 10. Nd2 a6 11. f4 Bb7 12. e5 Nd5 13. Nxd5 cxd5 14. Bd3 e6 15. c3 Bc6 16. Nf3 b5 17. a5 f5 18. Kh2 dxe5 19. dxe5 Bb7 20. Nd4 Rae8 21. Qd2 Nc5 22. b4 Ne4 23. Bxe4 dxe4 24. Nb3 Bd5 25. Nc5 Qc6 26. Bd4 Rf7 27. Qe3 Bf8 28. g4 Rd8 29. Rg1 Bc4 30. gxf5 exf5 31. Rad1 Bxc5 32. Bxc5 Rd3 33. Rxd3 exd3 34. Re1 Qe6 35. Qd4 Kg7 36. Rd1 Rd7 37. Bd6 Kh6 38. Bf8+ Kh5 39. Qe3 g5 40. fxg5 f4 41. Qf3+ Kg6 42. Bd6 Rf7 43. h4 Kg7 44. Bc5 Bd5 45. Qh3 Qg6 46. Rxd3 Qe4 47. Rxd5 Qxd5 48. Bd4 Qa2+ 49. Kh1 Qb1+ 50. Kh2 Qa2+ 51. Kh1 Qb1+ 52. Kh2 Qc2+ 53. Kh1 Qe4+ 54. Kh2 Rf5 55. Qg4 Qd3 56. Qh5 Qg3+ 57. Kh1 f3 58. Qh6+ Kg8 59. Qe6+ Rf7 60. Qc8+ Rf8 61. Qe6+ Kh8 62. Qa2 Qe1+ 63. Kh2 Qxh4+ 64. Kg1 Qe1+ 65. Kh2 Qe2+ 0-1

[Event "SWE-chT 1314"]
[Site "Sweden"]
[Date "2014.02.01"]
[Round "5.5"]
[White "Barkhagen, Jonas"]
[Black "Nilsson, Andre"]
[Result "1-0"]
[WhiteElo "2434"]
[BlackElo "2226"]
[PlyCount "59"]
[EventDate "2013.11.22"]
[EventType "team-tourn"]
[EventRounds "9"]
[EventCountry "SWE"]
[SourceTitle "EXT 2015"]
[Source "ChessBase"]
[SourceDate "2014.11.20"]
[SourceVersion "1"]
[SourceVersionDate "2014.11.20"]
[SourceQuality "1"]
[WhiteTeam "Stockholm Rockaden"]
[BlackTeam "Vasteras"]
[WhiteTeamCountry "SWE"]
[BlackTeamCountry "SWE"]

1. d4 b5 2. e4 Bb7 3. Bxb5 Bxe4 4. Nf3 Nf6 5. 0-0 e6 6. c4 Be7 7. Nc3 Bb7 8. Re1 0-0 9. Ba4 c5 10. d5 exd5 11. cxd5 Re8 12. Bg5 Na6 13. d6 Bf8 14. Rxe8 Qxe8 15. Bxf6 gxf6 16. Bc2 Nb4 17. Bf5 Rc8 18. Nh4 Bg7 19. Qg4 Rd8 20. Ne4 Qe5 21. Bxh7+ Kxh7 22. Nf5 Bh8 23. Qh4+ Kg6 24. g4 Qxf5 25. gxf5+ Kxf5 26. Re1 Rg8+ 27. Ng3+ Kg6 28. Qh5+ Kg7 29. Re7 Bd5 30. a3 1-0

[Event "SWE-chT 1213"]
[Site "Sweden"]
[Date "2013.03.17"]
[Round "9"]
[White "Lokander, Martin"]
[Black "Nilsson, Andre"]
[Result "1-0"]
[WhiteElo "2306"]
[BlackElo "2235"]
[PlyCount "57"]
[EventDate "2012.10.05"]
[EventType "team-tourn"]
[EventRounds "9"]
[EventCountry "SWE"]
[SourceTitle "EXT 2014"]
[Source "ChessBase"]
[SourceDate "2013.11.20"]
[SourceVersion "1"]
[SourceVersionDate "2013.11.20"]
[SourceQuality "1"]
[WhiteTeam "Stockholm Rockaden"]
[BlackTeam "Vasteras"]
[WhiteTeamCountry "SWE"]
[BlackTeamCountry "SWE"]

1. d4 g6 2. e4 d6 3. c4 Bg7 4. Nc3 Nf6 5. Bd3 0-0 6. Nge2 c6 7. 0-0 a6 8. f4 b5 9. e5 Nfd7 10. Be3 Nb6 11. c5 dxc5 12. dxc5 Nd5 13. Nxd5 cxd5 14. a4 b4 15. Nd4 Bd7 16. Qb3 Nc6 17. Qxd5 Nxd4 18. Bxd4 Bc6 19. Qc4 Qd7 20. Be3 Bd5 21. Qc2 Qc6 22. Bc4 Be4 23. Qe2 Rfc8 24. Rfd1 Bf8 25. b3 e6 26. Rac1 Bxc5 27. a5 Bxe3+ 28. Qxe3 Qc5 29. Rd8+ 1-0

[Event "SWE-chT 1213"]
[Site "Sweden"]
[Date "2013.02.01"]
[Round "6"]
[White "Nilsson, Andre"]
[Black "Berczes, David"]
[Result "0-1"]
[WhiteElo "2235"]
[BlackElo "2528"]
[PlyCount "88"]
[EventDate "2012.10.05"]
[EventType "team-tourn"]
[EventRounds "9"]
[EventCountry "SWE"]
[SourceTitle "EXT 2014"]
[Source "ChessBase"]
[SourceDate "2013.11.20"]
[SourceVersion "1"]
[SourceVersionDate "2013.11.20"]
[SourceQuality "1"]
[WhiteTeam "Vasteras"]
[BlackTeam "Viking"]
[WhiteTeamCountry "SWE"]
[BlackTeamCountry "SWE"]

1. g3 d5 2. Bg2 c6 3. d3 Nf6 4. Nd2 e5 5. e4 Bd6 6. Ngf3 0-0 7. 0-0 Re8 8. b3 a5 9. a4 Bg4 10. h3 Bh5 11. exd5 cxd5 12. g4 Nxg4 13. hxg4 Bxg4 14. Qe1 Nc6 15. Nh2 Bh5 16. Qe3 Nd4 17. Bb2 Nxc2 18. Qh3 Bg6 19. Rad1 Nb4 20. Nb1 Qc8 21. Qxc8 Raxc8 22. Ba3 Red8 23. Bxb4 Bxb4 24. Ng4 e4 25. dxe4 dxe4 26. Ne5 f5 27. Nxg6 hxg6 28. Rxd8+ Rxd8 29. Rc1 Kh7 30. Bf1 Kh6 31. Bc4 g5 32. Kg2 g4 33. Be2 Rd7 34. Bb5 Rd8 35. Be2 Rd7 36. Bb5 Rd6 37. Nc3 Rd2 38. Ne2 Bd6 39. Nc3 g3 40. Be2 Be5 41. Nxe4 fxe4 42. Re1 Kg5 43. fxg3 Rb2 44. g4 Bc3 0-1

[Event "SWE-chT 1213"]
[Site "Sweden"]
[Date "2012.12.01"]
[Round "4"]
[White "Kumar, Rahul"]
[Black "Nilsson, Andre"]
[Result "1-0"]
[WhiteElo "2259"]
[BlackElo "2235"]
[PlyCount "83"]
[EventDate "2012.10.05"]
[EventType "team-tourn"]
[EventRounds "9"]
[EventCountry "SWE"]
[SourceTitle "EXT 2014"]
[Source "ChessBase"]
[SourceDate "2013.11.20"]
[SourceVersion "1"]
[SourceVersionDate "2013.11.20"]
[SourceQuality "1"]
[WhiteTeam "Orgryte"]
[BlackTeam "Vasteras"]
[WhiteTeamCountry "SWE"]
[BlackTeamCountry "SWE"]

1. e4 g6 2. d4 Bg7 3. Nc3 d6 4. Bc4 Nf6 5. Bb3 Nc6 6. Nge2 a6 7. a4 0-0 8. f3 b6 9. Be3 e5 10. Qd2 Bd7 11. h4 Nh5 12. Bg5 Qc8 13. Nd5 exd4 14. Rg1 Re8 15. 0-0-0 Na5 16. g4 Nxb3+ 17. cxb3 d3 18. Nec3 h6 19. Bxh6 Nf6 20. Bxg7 Kxg7 21. Nxf6 Kxf6 22. Qh6 Be6 23. e5+ Ke7 24. Rxd3 Rh8 25. Qg5+ Kd7 26. exd6 c5 27. Qe7+ Kc6 28. d7 Qc7 29. Rgd1 Qf4+ 30. Kb1 Rad8 31. Ne4 a5 32. Nf6 Kb7 33. Ne8 Qb8 34. Nd6+ Ka6 35. Nxf7 Bxf7 36. Qxf7 Rxh4 37. Qxg6 Rhh8 38. Rd6 Ka7 39. g5 Rhg8 40. Qxg8 Rxg8 41. d8Q Rxd8 42. Rxd8 1-0

[Event "SWE-chT 1213"]
[Site "Sweden"]
[Date "2012.10.07"]
[Round "3"]
[White "Nilsson, Andre"]
[Black "Engman, Rikard"]
[Result "1/2-1/2"]
[WhiteElo "2235"]
[BlackElo "2192"]
[PlyCount "32"]
[EventDate "2012.10.05"]
[EventType "team-tourn"]
[EventRounds "9"]
[EventCountry "SWE"]
[SourceTitle "EXT 2014"]
[Source "ChessBase"]
[SourceDate "2013.11.20"]
[SourceVersion "1"]
[SourceVersionDate "2013.11.20"]
[SourceQuality "1"]
[WhiteTeam "Vasteras"]
[BlackTeam "Umea Rockaden"]
[WhiteTeamCountry "SWE"]
[BlackTeamCountry "SWE"]

1. g3 Nf6 2. Bg2 e5 3. d3 d5 4. Nf3 Nc6 5. 0-0 Be7 6. c3 a5 7. Nbd2 0-0 8. e4 dxe4 9. dxe4 b6 10. Qa4 Qe8 11. Re1 Bb7 12. Nc4 Nd4 13. Qxe8 Nxf3+ 14. Bxf3 Rfxe8 15. Bg5 Nd7 16. Bxe7 Rxe7 1/2-1/2

[Event "SWE-chT 1112"]
[Site "Sweden"]
[Date "2012.02.04"]
[Round "5"]
[White "Vernersson, Per"]
[Black "Nilsson, Andre"]
[Result "1-0"]
[WhiteElo "2370"]
[BlackElo "2259"]
[PlyCount "87"]
[EventDate "2011.10.07"]
[EventType "team-tourn"]
[EventRounds "9"]
[EventCountry "SWE"]
[SourceTitle "EXT 2013"]
[Source "ChessBase"]
[SourceDate "2012.11.22"]
[SourceVersion "1"]
[SourceVersionDate "2012.11.22"]
[SourceQuality "1"]
[WhiteTeam "Eksjo"]
[BlackTeam "Vasteras"]
[WhiteTeamCountry "SWE"]
[BlackTeamCountry "SWE"]

1. d4 g6 2. e4 d6 3. c4 Bg7 4. Nc3 Nf6 5. Be2 0-0 6. Nf3 Na6 7. 0-0 e5 8. Re1 exd4 9. Nxd4 Nc5 10. Bf1 Re8 11. f3 c6 12. Be3 Ne6 13. Qd2 Nxd4 14. Bxd4 Be6 15. Rad1 Qa5 16. a3 Rad8 17. Qc1 Nd7 18. Bxg7 Kxg7 19. b4 Qb6+ 20. Kh1 Ne5 21. c5 dxc5 22. Na4 Qc7 23. Nxc5 b6 24. Nxe6+ Rxe6 25. Qc3 f6 26. f4 Nf7 27. Rxd8 Qxd8 28. e5 b5 29. Qb3 Qd7 30. exf6+ Rxf6 31. Qc3 Qd6 32. g3 h5 33. Kg1 h4 34. Bh3 Kf8 35. Bd7 hxg3 36. hxg3 Kg8 37. Bg4 Nh6 38. Rd1 Qf8 39. Bf3 g5 40. Bxc6 gxf4 41. Bd5+ Kh7 42. Be4+ Kg8 43. Rd7 fxg3 44. Qxg3+ 1-0

[Event "SWE-chT 1112"]
[Site "Sweden"]
[Date "2012.01.15"]
[Round "4"]
[White "Nilsson, Andre"]
[Black "Barkhagen, Jonas"]
[Result "0-1"]
[WhiteElo "2259"]
[BlackElo "2445"]
[PlyCount "102"]
[EventDate "2011.10.07"]
[EventType "team-tourn"]
[EventRounds "9"]
[EventCountry "SWE"]
[SourceTitle "EXT 2013"]
[Source "ChessBase"]
[SourceDate "2012.11.22"]
[SourceVersion "1"]
[SourceVersionDate "2012.11.22"]
[SourceQuality "1"]
[WhiteTeam "Vasteras"]
[BlackTeam "Umea Rockaden"]
[WhiteTeamCountry "SWE"]
[BlackTeamCountry "SWE"]

1. g3 e5 2. Bg2 Nf6 3. d3 Bc5 4. Nf3 d6 5. c3 0-0 6. d4 Bb6 7. dxe5 Ng4 8. 0-0 Nxe5 9. Nxe5 dxe5 10. Qxd8 Rxd8 11. Na3 c6 12. Nc4 Bc7 13. Be3 Be6 14. Nd2 Bb6 15. Rfd1 Bxe3 16. fxe3 Nd7 17. Ne4 f6 18. b3 Kf8 19. Rd2 Ke7 20. Rad1 a5 21. c4 a4 22. h4 Rab8 23. Kh2 b5 24. cxb5 cxb5 25. Bh3 Bxh3 26. Kxh3 Nb6 27. Nc3 b4 28. Nxa4 Nxa4 29. bxa4 Rxd2 30. Rxd2 Ra8 31. e4 Rxa4 32. Kg2 h5 33. Kf3 Ke6 34. e3 g6 35. Ke2 f5 36. exf5+ Kxf5 37. Kf3 e4+ 38. Kf2 Kg4 39. Kg2 Ra3 40. Rf2 g5 41. hxg5 Kxg5 42. Rb2 Kg4 43. Kf2 Ra8 44. Kg2 Rc8 45. Rf2 Kg5 46. Rf4 Rc2+ 47. Kh3 Rxa2 48. Rxe4 b3 49. Rb4 b2 50. Rb5+ Kf6 51. Kh4 b1Q 0-1

[Event "SWE-chT 0910"]
[Site "Sweden"]
[Date "2009.11.14"]
[Round "4"]
[White "Bator, Robert"]
[Black "Nilsson, Andre"]
[Result "1-0"]
[WhiteElo "2416"]
[BlackElo "2273"]
[PlyCount "85"]
[EventDate "2009.10.16"]
[EventType "team"]
[EventRounds "11"]
[EventCountry "SWE"]
[SourceTitle "EXT 2011"]
[Source "ChessBase"]
[SourceDate "2010.11.26"]
[SourceVersion "1"]
[SourceVersionDate "2010.11.26"]
[SourceQuality "1"]
[WhiteTeam "Stockholm Rockaden"]
[BlackTeam "Vasteras"]
[WhiteTeamCountry "SWE"]
[BlackTeamCountry "SWE"]

1. d4 g6 2. Nf3 Bg7 3. c4 Nf6 4. g3 0-0 5. Bg2 d6 6. 0-0 Nbd7 7. Nc3 e5 8. e4 a6 9. Re1 exd4 10. Nxd4 Re8 11. h3 Rb8 12. Rb1 Qe7 13. Bf4 Ne5 14. b3 Nh5 15. Be3 c5 16. Nd5 Qd8 17. Nf3 b5 18. Nxe5 Rxe5 19. b4 bxc4 20. bxc5 Rxb1 21. Qxb1 dxc5 22. Bxc5 Re8 23. Rc1 Nf6 24. Nxf6+ Bxf6 25. Rxc4 Be6 26. Rc1 Qd7 27. Kh2 h5 28. h4 Rc8 29. f4 Qd2 30. e5 Bf5 31. Be3 Qxe3 32. Rxc8+ Bxc8 33. exf6 Kh7 34. Qb3 Qe8 35. Qb8 Qd7 36. a3 Qe6 37. Qe5 Qa2 38. Qd5 Be6 39. Qxa2 Bxa2 40. Bb7 Bc4 41. Kg2 Kg8 42. Kf3 Kf8 43. Bc6 1-0

[Event "SWE-chT 0910"]
[Site "Sweden"]
[Date "2009.10.18"]
[Round "3"]
[White "Krantz, Christopher"]
[Black "Nilsson, Andre"]
[Result "1/2-1/2"]
[WhiteElo "2150"]
[BlackElo "2273"]
[PlyCount "103"]
[EventDate "2009.10.16"]
[EventType "team"]
[EventRounds "11"]
[EventCountry "SWE"]
[SourceTitle "EXT 2011"]
[Source "ChessBase"]
[SourceDate "2010.11.26"]
[SourceVersion "1"]
[SourceVersionDate "2010.11.26"]
[SourceQuality "1"]
[WhiteTeam "Eksjo"]
[BlackTeam "Vasteras"]
[WhiteTeamCountry "SWE"]
[BlackTeamCountry "SWE"]

1. c4 g6 2. Nc3 Bg7 3. g3 d6 4. Bg2 Nf6 5. d3 0-0 6. e3 Nc6 7. Nge2 e5 8. 0-0 Be6 9. Nd5 Qd7 10. e4 Ne8 11. Be3 Nd8 12. Qd2 c6 13. Ndc3 Bh3 14. d4 Bxg2 15. Kxg2 Qe7 16. Rad1 f6 17. f3 Nc7 18. b4 Nf7 19. d5 Rfd8 20. dxc6 bxc6 21. b5 cxb5 22. cxb5 d5 23. Nxd5 Nxd5 24. exd5 Qb7 25. a4 Rd7 26. Nc3 Rad8 27. a5 Nd6 28. Qd3 f5 29. b6 axb6 30. axb6 e4 31. fxe4 Bxc3 32. Qxc3 Nxe4 33. Qc6 Rb8 34. Qxb7 Rbxb7 35. Rd3 Nd6 36. Rc1 Kf7 37. Rc6 Ne8 38. Kf3 Nf6 39. d6 Ke6 40. Bc5 Ne4 41. Bb4 Rb8 42. Ke3 h5 43. Kd4 g5 44. Kc4 f4 45. gxf4 gxf4 46. Rd4 Kf5 47. Rc7 Nf6 48. Bd2 Rxb6 49. Rxf4+ Ke5 50. Rxf6 Rbxd6 51. Rxd6 Rxc7+ 52. Kb5 1/2-1/2

[Event "SWE-chT 0910"]
[Site "Sweden"]
[Date "2009.10.17"]
[Round "2"]
[White "Nilsson, Andre"]
[Black "Schneider, Stefan"]
[Result "0-1"]
[WhiteElo "2273"]
[BlackElo "2351"]
[PlyCount "96"]
[EventDate "2009.10.16"]
[EventType "team"]
[EventRounds "11"]
[EventCountry "SWE"]
[SourceTitle "EXT 2011"]
[Source "ChessBase"]
[SourceDate "2010.11.26"]
[SourceVersion "1"]
[SourceVersionDate "2010.11.26"]
[SourceQuality "1"]
[WhiteTeam "Vasteras"]
[BlackTeam "Limhamn"]
[WhiteTeamCountry "SWE"]
[BlackTeamCountry "SWE"]

1. g3 d5 2. Bg2 Nf6 3. Nf3 c6 4. 0-0 Bg4 5. h3 Bh5 6. d3 Nbd7 7. c4 e6 8. b3 Bd6 9. Bb2 0-0 10. Qc2 Qe7 11. e4 dxe4 12. dxe4 Bxf3 13. Bxf3 Be5 14. Nc3 Bd4 15. Rad1 e5 16. Ne2 Bxb2 17. Qxb2 Nc5 18. Nc3 Ne6 19. Bg2 Rfd8 20. Ne2 Qc5 21. Qa1 a5 22. Rxd8+ Rxd8 23. Rd1 Ra8 24. Nc3 Nd4 25. Qb2 Rd8 26. Na4 Qe7 27. Kh1 h5 28. Qd2 Ne6 29. Qe1 h4 30. Kh2 Qc7 31. Nc3 Nc5 32. Qe3 Rxd1 33. Nxd1 Qd6 34. Nc3 hxg3+ 35. fxg3 Qd4 36. Qxd4 exd4 37. Ne2 d3 38. Nc3 d2 39. e5 Nfd7 40. Kg1 Nxe5 41. Kf2 a4 42. Ke3 axb3 43. axb3 Nxb3 44. Bf1 Kf8 45. Ke2 Nxc4 46. Kd3 b5 47. Nd1 Ke7 48. Kc3 Nba5 0-1

[Event "SWE-chT 0910"]
[Site "Sweden"]
[Date "2009.10.16"]
[Round "1"]
[White "Cramling, Pia"]
[Black "Nilsson, Andre"]
[Result "1-0"]
[WhiteElo "2535"]
[BlackElo "2273"]
[PlyCount "79"]
[EventDate "2009.10.16"]
[EventType "team"]
[EventRounds "11"]
[EventCountry "SWE"]
[SourceTitle "EXT 2011"]
[Source "ChessBase"]
[SourceDate "2010.11.26"]
[SourceVersion "1"]
[SourceVersionDate "2010.11.26"]
[SourceQuality "1"]
[WhiteTeam "Viking"]
[BlackTeam "Vasteras"]
[WhiteTeamCountry "SWE"]
[BlackTeamCountry "SWE"]

1. d4 g6 2. c4 Bg7 3. Nf3 Nf6 4. Nc3 0-0 5. Bg5 d6 6. e3 c6 7. Be2 a6 8. a3 b5 9. Nd2 Nbd7 10. Bf3 Qb6 11. 0-0 Bb7 12. Rc1 h6 13. Bh4 Rac8 14. b4 c5 15. bxc5 dxc5 16. d5 b4 17. Na4 Qa5 18. e4 g5 19. Bg3 Nb6 20. Nxb6 Qxb6 21. e5 Nd7 22. Re1 e6 23. a4 Rcd8 24. Nb3 Rfe8 25. a5 Qc7 26. d6 Qc8 27. h4 f5 28. exf6 Bxf6 29. Bxb7 Qxb7 30. Qd3 Kg7 31. h5 Kh8 32. Qg6 Bg7 33. Rxe6 Rxe6 34. Qxe6 Qc6 35. Re1 Nf6 36. Qf7 Ng8 37. Qc7 Qa8 38. Qxc5 Rc8 39. Qxb4 Rb8 40. Qa4 1-0

[Event "SWE-chT 0809"]
[Site "Sweden"]
[Date "2008.11.15"]
[Round "2"]
[White "Aperia, Tony"]
[Black "Nilsson, Andre"]
[Result "0-1"]
[WhiteElo "2050"]
[BlackElo "2333"]
[PlyCount "76"]
[EventDate "2008.10.25"]
[EventType "team-tourn"]
[EventRounds "11"]
[EventCountry "SWE"]
[SourceTitle "EXT 2011"]
[Source "ChessBase"]
[SourceDate "2010.11.26"]
[SourceVersion "1"]
[SourceVersionDate "2010.11.26"]
[SourceQuality "1"]

1. c4 g6 2. g3 Bg7 3. Bg2 Nf6 4. Nc3 0-0 5. e3 d6 6. d4 Nbd7 7. Nge2 e5 8. 0-0 Re8 9. b3 h5 10. h3 e4 11. Qc2 Qe7 12. Ba3 c6 13. Rab1 Nf8 14. b4 Bf5 15. Kh2 N8h7 16. Ng1 Ng5 17. Qe2 Nf3+ 18. Kh1 Qd7 19. h4 Nxg1 20. Kxg1 Ng4 21. b5 Bf6 22. bxc6 bxc6 23. Qc2 Qe7 24. Qa4 Rac8 25. Qb4 Red8 26. Rfe1 g5 27. hxg5 Bxg5 28. Ne2 h4 29. Nf4 Qf6 30. Qd2 Bxf4 31. exf4 hxg3 32. fxg3 e3 33. Qe2 Re8 34. Rbd1 Qg6 35. Bf3 Kg7 36. Kg2 Nf2 37. Rc1 Nd3 38. Bb2 Nxf4+ 0-1

[Event "SWE-chT 0809"]
[Site "Sweden"]
[Date "2008.10.25"]
[Round "1"]
[White "Nilsson, Andre"]
[Black "Johansson, Carl Fredrik"]
[Result "0-1"]
[WhiteElo "2333"]
[BlackElo "2219"]
[PlyCount "130"]
[EventDate "2008.10.25"]
[EventType "team-tourn"]
[EventRounds "11"]
[EventCountry "SWE"]
[SourceTitle "EXT 2011"]
[Source "ChessBase"]
[SourceDate "2010.11.26"]
[SourceVersion "1"]
[SourceVersionDate "2010.11.26"]
[SourceQuality "1"]

1. g3 Nf6 2. Bg2 d5 3. Nf3 c5 4. 0-0 Nc6 5. d3 e6 6. Nbd2 Be7 7. e4 Qc7 8. Qe2 b6 9. Re1 Bb7 10. c3 0-0-0 11. e5 Nd7 12. h4 g5 13. hxg5 h6 14. gxh6 Rxh6 15. Nf1 Rh5 16. d4 Rdh8 17. Be3 Qd8 18. g4 R5h7 19. Ng3 Qg8 20. g5 Nf8 21. dxc5 bxc5 22. b4 Ng6 23. bxc5 Nh4 24. Nxh4 Rxh4 25. Rab1 Qh7 26. Qb5 Ba8 27. Rb2 Kc7 28. Qa6 Rb8 29. Rxb8 Kxb8 30. Qb5+ Kc7 31. Rb1 Qc2 32. Ne2 Rg4 33. Kf1 Rxg2 34. Kxg2 d4 35. Kg3 dxe3 36. f4 Qe4 37. Nd4 Qg2+ 38. Kxg2 Nxd4+ 39. Kf1 Nxb5 40. Rxb5 Bd5 41. Ra5 Bc4+ 42. Ke1 a6 43. Ra4 Bb5 44. Re4 Bxc5 45. f5 Bd3 46. Rf4 Bxf5 47. Ke2 Bg6 48. Rh4 Kc6 49. Rh8 Kd5 50. Rc8 Bh5+ 51. Ke1 Ba3 52. Rh8 Bg6 53. Ke2 Bc1 54. c4+ Kxe5 55. c5 Bf5 56. Rh4 Bd2 57. Ra4 Kd5 58. Rxa6 Bg4+ 59. Kd3 Kxc5 60. Ra4 Bf5+ 61. Ke2 Bg6 62. Rf4 e5 63. Rh4 Kd5 64. a4 Ke6 65. a5 Bxa5 0-1

[Event "SWE-chT 0708"]
[Site "Sweden"]
[Date "2008.02.23"]
[Round "8"]
[White "Nilsson, Andre"]
[Black "Engqvist, Thomas"]
[Result "1-0"]
[WhiteElo "2323"]
[BlackElo "2427"]
[PlyCount "77"]
[EventDate "2007.10.19"]
[EventType "team"]
[EventRounds "11"]
[EventCountry "SWE"]
[SourceTitle "EXT 2009"]
[Source "ChessBase"]
[SourceDate "2008.11.26"]
[SourceVersion "1"]
[SourceVersionDate "2008.11.26"]
[SourceQuality "1"]
[WhiteTeam "Vasteras"]
[BlackTeam "Stockholm Rockaden"]
[WhiteTeamCountry "SWE"]
[BlackTeamCountry "SWE"]

1. g3 d5 2. Bg2 c6 3. Nf3 Nf6 4. 0-0 Bg4 5. d3 Nbd7 6. c4 e6 7. Nc3 Bxf3 8. exf3 Be7 9. b3 0-0 10. Qc2 Ne8 11. Bb2 Nd6 12. f4 a5 13. Ne2 a4 14. c5 Nf5 15. b4 a3 16. Bc3 Bf6 17. d4 Nb8 18. Rab1 Na6 19. b5 Nc7 20. b6 Nb5 21. Rb4 Nxc3 22. Qxc3 Ra5 23. Rfb1 Qa8 24. Bh3 Ra4 25. Qc2 Rxb4 26. Rxb4 Qa5 27. Qb3 Ra8 28. Bxf5 exf5 29. Nc3 Ra6 30. Kg2 g6 31. Nxd5 cxd5 32. c6 Rxb6 33. Rxb6 bxc6 34. Qb4 Qxb4 35. Rxb4 Kf8 36. Kf3 Ke7 37. Rb7+ Ke6 38. Ke3 h5 39. Rc7 1-0

[Event "SWE-chT 0607"]
[Site "Sweden"]
[Date "2007.03.03"]
[Round "8"]
[White "Olsson, Conny"]
[Black "Nilsson, Andre"]
[Result "0-1"]
[WhiteElo "2251"]
[BlackElo "2309"]
[PlyCount "90"]
[EventDate "2006.10.20"]
[EventType "team"]
[EventRounds "11"]
[EventCountry "SWE"]
[SourceTitle "EXT 2009"]
[Source "ChessBase"]
[SourceDate "2008.11.26"]
[SourceVersion "1"]
[SourceVersionDate "2008.11.26"]
[SourceQuality "1"]
[WhiteTeam "Linkoping"]
[BlackTeam "Vasteras"]
[WhiteTeamCountry "SWE"]
[BlackTeamCountry "SWE"]

1. b4 e5 2. a3 g6 3. Bb2 Bg7 4. h4 h5 5. g3 d6 6. Bg2 Nf6 7. c4 0-0 8. d3 Nc6 9. Nd2 Qe7 10. e3 Ng4 11. Ne2 f5 12. Bd5+ Be6 13. Qb3 Nd8 14. c5 dxc5 15. bxc5 c6 16. Bc4 Re8 17. Rc1 Bxc4 18. Rxc4 Ne6 19. d4 Rad8 20. Rb4 Rd7 21. Nf3 Kh8 22. Ng5 Nxg5 23. hxg5 exd4 24. Bxd4 Bxd4 25. Rxd4 Rxd4 26. Nxd4 Qxg5 27. Qf7 Re7 28. Qf8+ Kh7 29. Nxf5 gxf5 30. Rxh5+ Qxh5 31. Qxe7+ Kg8 32. Qxb7 Qh1+ 33. Ke2 Qd5 34. Qb8+ Kh7 35. Qc7+ Kg6 36. Qd6+ Qxd6 37. cxd6 Kf7 38. Kf3 Ke6 39. e4 Ne5+ 40. Kf4 Nd3+ 41. Ke3 fxe4 42. f3 Nc5 43. fxe4 Kxd6 44. Kd4 Ne6+ 45. Kc4 Ke5 0-1

[Event "SWE-chT 0607"]
[Site "Sweden"]
[Date "2007.02.10"]
[Round "7"]
[White "Nilsson, Andre"]
[Black "Nordstrom, Felix"]
[Result "1-0"]
[WhiteElo "2309"]
[BlackElo "2143"]
[PlyCount "77"]
[EventDate "2006.10.20"]
[EventType "team"]
[EventRounds "11"]
[EventCountry "SWE"]
[SourceTitle "EXT 2009"]
[Source "ChessBase"]
[SourceDate "2008.11.26"]
[SourceVersion "1"]
[SourceVersionDate "2008.11.26"]
[SourceQuality "1"]
[WhiteTeam "Vasteras"]
[BlackTeam "Wasa"]
[WhiteTeamCountry "SWE"]
[BlackTeamCountry "SWE"]

1. g3 c5 2. Bg2 Nc6 3. e4 g6 4. d3 Bg7 5. f4 d6 6. Nf3 e5 7. 0-0 Nge7 8. Nc3 0-0 9. f5 gxf5 10. Nh4 Nd4 11. Bg5 f6 12. Be3 fxe4 13. dxe4 Be6 14. Nd5 Qd7 15. Nxe7+ Qxe7 16. c3 Nc6 17. Nf5 Bxf5 18. exf5 Rfd8 19. h4 Rd7 20. g4 Kh8 21. Bd5 Rad8 22. Qf3 e4 23. Qg2 Ne5 24. Rae1 Nf3+ 25. Rxf3 exf3 26. Qxf3 Re8 27. Be6 Rc7 28. Qd5 Rd8 29. c4 Bf8 30. Bd2 Bg7 31. Bc3 Qf8 32. Qf3 Rb8 33. a4 a6 34. a5 Re7 35. Rd1 Rd8 36. Qf4 Rc7 37. Rd5 Qe7 38. Qg3 Rc6 39. Rd1 1-0

[Event "SWE-chT 0001"]
[Site "Sweden"]
[Date "2001.02.10"]
[Round "7"]
[White "Hjelm, Niclas"]
[Black "Nilsson, Andre"]
[Result "0-1"]
[WhiteElo "2389"]
[BlackElo "2265"]
[PlyCount "72"]
[EventDate "2000.10.13"]
[EventType "team"]
[EventRounds "11"]
[EventCountry "SWE"]
[SourceTitle "EXT 2006"]
[Source "ChessBase"]
[SourceDate "2005.11.24"]
[SourceVersion "1"]
[SourceVersionDate "2005.11.24"]
[SourceQuality "1"]
[WhiteTeam "Farsta"]
[BlackTeam "Vaesteras "]
[WhiteTeamCountry "SWE"]
[BlackTeamCountry "SWE"]

1. d4 g6 2. Nf3 Bg7 3. c4 Nf6 4. Nc3 0-0 5. Bg5 c6 6. e3 d6 7. Be2 Nbd7 8. Qc2 e5 9. 0-0 h6 10. Bh4 g5 11. dxe5 dxe5 12. Bg3 Nh5 13. Nd2 Nxg3 14. hxg3 f5 15. g4 f4 16. Nce4 Nf6 17. Nxf6+ Qxf6 18. Ne4 Qe7 19. Rad1 h5 20. f3 hxg4 21. fxg4 Be6 22. Rd6 fxe3 23. Rxf8+ Rxf8 24. c5 Bd5 25. Qd3 Qf7 26. Qxe3 Qf4 27. Qxf4 exf4 28. Bd3 Bxb2 29. Nxg5 Bf6 30. Nh7 Bd4+ 31. Kh2 Rf7 32. Ng5 Re7 33. Rg6+ Rg7 34. Rxg7+ Kxg7 35. Nh3 Be5 36. Kg1 Bxa2 0-1

[Event "SWE-chT 0001"]
[Site "Sweden"]
[Date "2000.10.15"]
[Round "3"]
[White "Nilsson, Andre"]
[Black "Jepson, Christian"]
[Result "1/2-1/2"]
[WhiteElo "2252"]
[BlackElo "2465"]
[PlyCount "65"]
[EventDate "2000.10.13"]
[EventType "team"]
[EventRounds "11"]
[EventCountry "SWE"]
[SourceTitle "EXT 2006"]
[Source "ChessBase"]
[SourceDate "2005.11.24"]
[SourceVersion "1"]
[SourceVersionDate "2005.11.24"]
[SourceQuality "1"]
[WhiteTeam "Vaesteras "]
[BlackTeam "Limhamn"]
[WhiteTeamCountry "SWE"]
[BlackTeamCountry "SWE"]

1. g3 d5 2. Bg2 e5 3. d3 Nc6 4. Nf3 Be7 5. 0-0 Nf6 6. Bg5 0-0 7. Nc3 d4 8. Bxf6 Bxf6 9. Ne4 Be7 10. c3 Be6 11. Qa4 f5 12. Ned2 Rb8 13. Rfc1 Kh8 14. a3 Bf6 15. c4 a6 16. b4 Qe7 17. b5 axb5 18. cxb5 Nd8 19. Qa5 b6 20. Qb4 Qxb4 21. axb4 Bd7 22. Rxc7 Bxb5 23. Ne1 Ne6 24. Rca7 Rfc8 25. Bd5 Nc7 26. Bb3 Bc6 27. Nc4 Bd5 28. Nd6 Rd8 29. Bxd5 Rxd6 30. Rb7 Rxb7 31. Bxb7 h5 32. Rc1 Nb5 33. Rc6 1/2-1/2